Sex after fascism : memory and morality in twentieth-century Germany
Saved in:
| Main Author: | |
|---|---|
| Format: | Book |
| Language: | English |
| Published: |
Princeton, NJ :
Princeton University Press,
2005
|
| Subjects: | |
| Tags: |
Add Tag
No Tags, Be the first to tag this record!
|
MARC
| LEADER | 00000nam a2200000 i 4500 | ||
|---|---|---|---|
| 001 | 1/30909 | ||
| 008 | 060607s2005 eng d | ||
| 020 | |a 0-691-11702-0 | ||
| 035 | |l 10084269 | ||
| 040 | |a GR-MY-UA |b gre |e aacr | ||
| 041 | 0 | |a eng | |
| 082 | 0 | |a 306.70943 |2 (22) | |
| 100 | 1 | |a Herzog, Dagmar |d 1961- | |
| 245 | 1 | 0 | |a Sex after fascism : |b memory and morality in twentieth-century Germany / |c Dagmar Herzog |
| 260 | |a Princeton, NJ : |b Princeton University Press, |c 2005 | ||
| 300 | |a 361 σ.; |b εικ.; |c 24 εκ. | ||
| 504 | |a Περιέχει βιβλιογραφία και ευρετήριο | ||
| 650 | 0 | 0 | |a Sex |z Germany |x History |y 20th century. |
| 651 | 0 | |a Germany |x Moral conditions. | |
| 852 | |a INST |b LESVOS |e 20060607 |h 306.70943 HER |p 005100036073 |q 005100036073 |t BK |y 0 | ||
| 901 | |a BIBL1-2006-2 | ||
| 909 | |a Λ |b 128613 | ||
| 920 | |a ΕΠΕΑΕΚ ΚΟΙΝΩΝΙΚΗΣ ΑΝΘΡΩΠΟΛΟΓΙΑΣ ΚΑΙ ΙΣΤΟΡΙΑΣ |y ΛΕΣΒΟΣ |z 2006-05 | ||
| 970 | |a ΚΑΡΑ |b ΓΙΑΣΕΜΗ |z 2006/06/07 | ||